Musicians From North Carolina - Statistics

General Stats
  • This quiz has been taken 147 times
  • The average score is 3 of 11
Answer Stats
Hint Answer % Correct
Stand By Me Ben E King
62%
The Devil Went Down to Georgia Charlie Daniels
58%
Carolina In My Mind James Taylor
52%
Work Out J Cole
27%
Round Here Buzz Eric Church
13%
Vibez Dababy
10%
On the Other Hand Randy Travis
9%
Even Though I'm Leaving Luke Combs
8%
Waiting For Superman Daughtry
7%
Its Called: Freefall Rainbow Kitten Surprise
7%
Morning Song Avett Brothers
3%
No matching quizzes found
Score Distribution
Percent of People with Each Score
Percentile by Number Answered
Your Score History
You have not taken this quiz